Rural non-farm investments (Record no. 44050)
[ view plain ]
| 000 -LEADER | |
|---|---|
| fixed length control field | 00290nam a2200097Ia 4500 |
| 082 ## - DEWEY DECIMAL CLASSIFICATION NUMBER | |
| Classification number | 332.021.8(1-22) |
| Item number | NAB |
| 245 #0 - TITLE STATEMENT | |
| Title | Rural non-farm investments |
| 260 ## - PUBLICATION, DISTRIBUTION, ETC. (IMPRINT) | |
| Place of publication | Mumbai |
| Name of publisher | National Bank for Agricultural and Rural Development |
| Year of publication | 2002 |
| 942 ## - ADDED ENTRY ELEMENTS (KOHA) | |
| Koha item type | Books |
| Withdrawn status | Lost status | Damaged status | Not for loan | Home library | Current library | Date acquired | Source of acquisition | Full call number | Accession Number | Koha item type |
|---|---|---|---|---|---|---|---|---|---|---|
| RRII Library | RRII Library | 16/12/2021 | Gift | 332.021.8(1-22) NAB | G00798 | Books |